[Event "10th 4NCL Congress"]
[Site "Wakefield"]
[Date "2016.09.10"]
[Round "3.9"]
[White "Horton, Andrew P"]
[Black "Jayawarna, Nugith"]
[Result "1/2-1/2"]
[WhiteElo "2296"]
[BlackElo "1998"]
[PlyCount "64"]
[EventDate "2016.09.09"]

1. Nf3 c5 2. c4 Nc6 3. g3 g6 4. Bg2 Bg7 5. Nc3 e5 6. O-O Nge7 7. Ne1 d6 8. Nc2
O-O 9. a3 a5 10. Ne3 Rb8 11. Rb1 f5 12. d3 f4 13. Ned5 Nxd5 14. Nxd5 g5 15. b4
axb4 16. axb4 Nd4 17. Bb2 Bg4 18. Bxd4 exd4 19. bxc5 dxc5 20. Rb6 Qe8 21. Bf3
Bh3 22. Bg2 Qh5 23. Qd2 Be5 24. Rfb1 Bxg2 25. Kxg2 fxg3 26. fxg3 Rf2+ 27. Kxf2
Qxh2+ 28. Kf3 Qxg3+ 29. Ke4 Re8 30. Kf5 Qh3+ 31. Kxg5 Qg3+ 32. Kh5 Qh3+ 1/2-1/2

[Event "10th 4NCL Congress"]
[Site "Wakefield"]
[Date "2016.09.10"]
[Round "3.10"]
[White "Wiltshir, Rich"]
[Black "Shaw, Peter"]
[Result "0-1"]
[WhiteElo "1640"]
[BlackElo "2143"]
[PlyCount "82"]
[EventDate "2016.09.09"]

1. d4 f5 2. Nf3 Nf6 3. g3 e6 4. Bg2 d5 5. O-O Bd6 6. Nbd2 O-O 7. Ne5 c6 8. a3
a5 9. c4 b6 10. Qb3 a4 11. Qa2 Bb7 12. b4 axb3 13. Qxb3 Qc7 14. cxd5 cxd5 15.
Bb2 Nbd7 16. Rfc1 Qb8 17. Nc6 Qe8 18. Ne5 Qh5 19. Nxd7 Nxd7 20. e4 fxe4 21.
Nxe4 dxe4 22. Qxe6+ Qf7 23. Qxd6 Qxf2+ 24. Kh1 Qxb2 25. Qxd7 Rf2 26. Qd6 Rf6
27. Qd7 Bc6 28. Qg4 Qxd4 29. Rd1 Qe5 30. Rac1 Re8 31. Qe2 h6 32. Qe3 Ref8 33.
Re1 Bd5 34. Rcd1 Rf2 35. Rb1 R8f6 36. Kg1 Rb2 37. Qc1 Rxg2+ 38. Kxg2 e3+ 39.
Kg1 Qe4 40. Qc8+ Kh7 41. Rb4 Qh1# 0-1

[Event "10th 4NCL Congress"]
[Site "Wakefield"]
[Date "2016.09.10"]
[Round "3.11"]
[White "Burnett, Jim"]
[Black "Johnson, Paul A"]
[Result "0-1"]
[WhiteElo "2121"]
[BlackElo "1859"]
[PlyCount "154"]
[EventDate "2016.09.09"]

1. d4 d5 2. c4 c6 3. Nf3 Nf6 4. Nc3 e6 5. Bg5 Be7 6. e3 Nbd7 7. Rc1 O-O 8. Bd3
h6 9. Bh4 Re8 10. O-O dxc4 11. Bxc4 Nd5 12. Bg3 Nxc3 13. Rxc3 Nf6 14. Bd3 Bd6
15. Ne5 Qe7 16. Bb1 Bxe5 17. Bxe5 Nh7 18. Qb3 f6 19. Bg3 Nf8 20. e4 Rd8 21. Rd1
Kh8 22. e5 f5 23. f3 Rd5 24. Qc2 Bd7 25. a3 Be8 26. Ba2 Rd7 27. Bf2 Bg6 28. f4
Bf7 29. Rcd3 Ng6 30. g3 Qd8 31. Be1 a5 32. b4 a4 33. b5 cxb5 34. Bb4 Rc8 35.
Qb2 Ne7 36. Bxe7 Qxe7 37. Qxb5 Bh5 38. Re1 Rdc7 39. Qxa4 Rc1 40. Rde3 Bg4 41.
Qb4 Qd7 42. Bb3 Bh3 43. d5 b5 44. Qd4 Qb7 45. Kf2 Qa8 46. Qb2 R1c5 47. Rd3 Qb7
48. Rd2 Rc3 49. Re3 Qb6 50. Rde2 Rc1 51. g4 Bxg4 52. Rc2 R1xc2+ 53. Bxc2 Rc4
54. Qb3 Rxf4+ 55. Ke1 Qd4 56. dxe6 Bh5 57. Qc3 Qd5 58. Qc8+ Kh7 59. e7 Qh1+ 60.
Kd2 Rd4+ 61. Bd3 Qd1+ 62. Kc3 Qc1+ 63. Kxd4 Qxc8 64. Bxb5 Qb8 65. Bd3 Qa7+ 66.
Kd5 Qxe7 67. Bxf5+ Bg6 68. Bh3 Qb7+ 69. Kc5 Qe7+ 70. Kd5 Bf7+ 71. e6 Bg6 72.
Re2 Bb1 73. Re5 Ba2+ 74. Kd4 Bb1 75. Kc3 Qxa3+ 76. Kd4 Qxh3 77. e7 Bg6 0-1

[Event "10th 4NCL Congress"]
[Site "Wakefield"]
[Date "2016.09.10"]
[Round "3.12"]
[White "Towers, Brian"]
[Black "Burrows, Martin P"]
[Result "0-1"]
[WhiteElo "1770"]
[BlackElo "2157"]
[PlyCount "52"]
[EventDate "2016.09.09"]

1. d4 Nf6 2. Nf3 g6 3. Nc3 d5 4. Bf4 Bg7 5. e3 O-O 6. h3 c5 7. Be2 cxd4 8. exd4
Nc6 9. O-O Ne4 10. Be3 Bf5 11. Nh4 Nxc3 12. bxc3 Be6 13. Qd2 Rc8 14. Bh6 Na5
15. Bxg7 Kxg7 16. g4 Qc7 17. Bd3 Qxc3 18. Qxc3 Rxc3 19. f4 Bd7 20. f5 Rfc8 21.
Nf3 Nc6 22. Ne5 Nxe5 23. dxe5 Ba4 24. f6+ Kf8 25. fxe7+ Kxe7 26. Rf6 R3c6 0-1

[Event "10th 4NCL Congress"]
[Site "Wakefield"]
[Date "2016.09.10"]
[Round "3.13"]
[White "O'gorman, Tom"]
[Black "Burke, Mitchell R"]
[Result "1-0"]
[WhiteElo "2130"]
[BlackElo "1967"]
[PlyCount "159"]
[EventDate "2016.09.09"]

1. e4 c5 2. Nf3 d6 3. d4 cxd4 4. Nxd4 Nf6 5. Nc3 a6 6. Bg5 e6 7. f4 Be7 8. Qf3
Qc7 9. O-O-O Nbd7 10. g4 b5 11. Bxf6 Nxf6 12. g5 Nd7 13. f5 O-O 14. Rg1 b4 15.
Nce2 e5 16. f6 exd4 17. fxe7 Re8 18. Nxd4 Ne5 19. Qg3 Bg4 20. Rd2 Qxe7 21. h3
Bh5 22. Kb1 Qa7 23. Be2 Bxe2 24. Nxe2 Nc4 25. Rd4 Rxe4 26. Rxe4 Nd2+ 27. Kc1
Nxe4 28. Qf3 Re8 29. Qd3 Qf2 30. Rd1 Nxg5 31. Nd4 Qf4+ 32. Kb1 Qe4 33. Qg3 Qe5
34. Qg4 Ne4 35. Nc6 Qc5 36. Qd7 Nf6 37. Qb7 a5 38. Qa6 Qh5 39. Rc1 h6 40. Nxa5
d5 41. Nc6 Qxh3 42. Nxb4 h5 43. a3 h4 44. Rg1 Qe3 45. Rh1 Qg3 46. Qf1 Ne4 47.
Ka2 Rd8 48. Nd3 Qg5 49. Qh3 d4 50. Qxh4 Qxh4 51. Rxh4 f5 52. a4 g5 53. Rh1 Kf7
54. a5 Rc8 55. a6 Ra8 56. Rh6 f4 57. Rb6 f3 58. Ne5+ Kg7 59. Nxf3 Nc5 60. Nxg5
Nxa6 61. Ne6+ Kf7 62. Nxd4 Nc5+ 63. Kb1 Rd8 64. c3 Ne4 65. Kc2 Nf6 66. Kd3 Nd5
67. Rb7+ Kf6 68. b4 Rc8 69. c4 Nf4+ 70. Kc3 Ke5 71. Re7+ Kf6 72. Re4 Nd5+ 73.
Kb3 Ne7 74. b5 Ng6 75. Re6+ Kf7 76. Rc6 Rb8 77. Kb4 Ne5 78. Rc7+ Kf6 79. Nc6
Nd3+ 80. Kc3 1-0

[Event "10th 4NCL Congress"]
[Site "Wakefield"]
[Date "2016.09.10"]
[Round "3.14"]
[White "Gardiner, Eric D"]
[Black "Surtees, Mike J"]
[Result "1/2-1/2"]
[WhiteElo "1925"]
[BlackElo "2095"]
[PlyCount "88"]
[EventDate "2016.09.09"]

1. d4 e6 2. e4 d5 3. e5 c5 4. c3 Ne7 5. Nf3 Nec6 6. a3 a5 7. Be2 b6 8. Be3 Ba6
9. O-O Be7 10. Nbd2 O-O 11. Re1 Qc8 12. Nf1 Bxe2 13. Rxe2 Nd7 14. Bg5 Bxg5 15.
Nxg5 h6 16. Nf3 b5 17. Qd2 Qc7 18. Ne3 cxd4 19. cxd4 f5 20. Rc1 Qb6 21. Qd3
Rac8 22. Rec2 Ne7 23. Rxc8 Rxc8 24. Rxc8+ Nxc8 25. Qc3 Ne7 26. Nc2 Kf7 27. Kf1
g5 28. Ke2 Ke8 29. Nfe1 Nc6 30. Nd3 Kf7 31. b4 a4 32. Nc5 Nxc5 33. bxc5 Qa6 34.
Nb4 Nxb4 35. Qxb4 Ke8 36. Kd2 Kd7 37. Qc3 Kc6 38. Qb4 Qa8 39. Kc2 h5 40. Qd2
Qd8 41. Kb2 h4 42. h3 Kb7 43. Qb4 Kc6 44. Qd2 Kb7 1/2-1/2

[Event "10th 4NCL Congress"]
[Site "Wakefield"]
[Date "2016.09.10"]
[Round "3.15"]
[White "Moore, Gerald"]
[Black "Rita, Joao"]
[Result "0-1"]
[WhiteElo "2072"]
[BlackElo "1963"]
[PlyCount "148"]
[EventDate "2016.09.09"]

1. Nf3 g6 2. c4 Bg7 3. d4 Nf6 4. g3 c5 5. Bg2 O-O 6. O-O Nc6 7. Nc3 cxd4 8.
Nxd4 Qb6 9. Nc2 d6 10. b3 Qa5 11. Bb2 Qh5 12. e3 Bg4 13. f3 Be6 14. e4 Nd7 15.
Rc1 Nc5 16. Qe2 Bd7 17. Nd5 e6 18. g4 Qh4 19. Nde3 Ne5 20. Ne1 a5 21. f4 Nc6
22. Nf3 Qf6 23. f5 Nxe4 24. Kh1 gxf5 25. gxf5 Qh6 26. Qe1 Qh5 27. Rc2 Kh8 28.
Bc1 Nb4 29. Re2 Nd3 30. Qh4 Qxh4 31. Nxh4 Nxc1 32. Rxc1 Bc6 33. Ng4 Nf6 34. Nf2
e5 35. Rd1 Rad8 36. Red2 Ne8 37. Ne4 Bh6 38. Rd3 Rg8 39. Bf3 Bf8 40. Nc3 Be7
41. Ng2 Rg5 42. Bxc6 bxc6 43. Ne3 Nf6 44. Rg1 Rdg8 45. Rxg5 Rxg5 46. a3 Rg8 47.
b4 Ra8 48. b5 cxb5 49. cxb5 Rc8 50. Ncd5 Nxd5 51. Nxd5 Bd8 52. Rb3 Rc5 53. Nc3
d5 54. b6 Bxb6 55. Nxd5 Rxd5 56. Rxb6 Kg7 57. Ra6 e4 58. Kg1 Rxf5 59. a4 f6 60.
Re6 Re5 61. Rc6 Kg6 62. Kf2 Kg5 63. Ke3 Kf5 64. Rc7 h5 65. Rh7 Kg6 66. Rb7 f5
67. Kf4 Re6 68. Ke3 Rd6 69. Rb5 Rd3+ 70. Kf2 Kg5 71. Rxa5 Kf4 72. Rb5 Rd2+ 73.
Ke1 Rxh2 74. a5 Ra2 0-1

[Event "10th 4NCL Congress"]
[Site "Wakefield"]
[Date "2016.09.10"]
[Round "3.16"]
[White "Barker, Arron"]
[Black "Bak, Andrew"]
[Result "0-1"]
[WhiteElo "1910"]
[BlackElo "2055"]
[PlyCount "64"]
[EventDate "2016.09.09"]

1. e4 e5 2. Nf3 Nc6 3. Bb5 f5 4. Bxc6 dxc6 5. Nc3 Nf6 6. d3 Bd6 7. exf5 Bxf5 8.
Bg5 O-O 9. Qe2 Qe8 10. Bxf6 Rxf6 11. O-O-O Bg4 12. Ne4 Rf4 13. h3 Bxf3 14. gxf3
Qf7 15. Kb1 Rxf3 16. Rdg1 Rf8 17. Rg2 Be7 18. h4 Qf4 19. Rhg1 Rf7 20. Rg4 Qh2
21. Qf1 Qh3 22. Qe1 Bxh4 23. a4 g6 24. R1g2 R7f4 25. Rxg6+ hxg6 26. Rxg6+ Kh7
27. Qg1 Rf7 28. Rg8 Qf5 29. Rg4 Rf4 30. Ng5+ Bxg5 31. Rxg5 Qh3 32. Rg8 Qh6 0-1

[Event "10th 4NCL Congress"]
[Site "Wakefield"]
[Date "2016.09.10"]
[Round "3.17"]
[White "Hilton, Tim"]
[Black "Bak, Christopher"]
[Result "1/2-1/2"]
[WhiteElo "1788"]
[BlackElo "2025"]
[PlyCount "70"]
[EventDate "2016.09.09"]

1. d4 d5 2. Nf3 Nc6 3. e3 Bg4 4. c4 e5 5. Qb3 Bxf3 6. gxf3 Bb4+ 7. Bd2 Bxd2+ 8.
Nxd2 Nge7 9. cxd5 Qxd5 10. Bc4 Qd6 11. Bxf7+ Kf8 12. Bh5 g6 13. Bg4 exd4 14.
O-O-O Kg7 15. Ne4 Qd5 16. Qxd5 Nxd5 17. Nc5 b6 18. Nb3 Nf6 19. Nxd4 Ne5 20. Bh3
c5 21. Nb5 Rad8 22. Nc7 Rd3 23. f4 Rxd1+ 24. Rxd1 Neg4 25. Bxg4 Nxg4 26. h4
Nxf2 27. Rd5 Rc8 28. Ne6+ Kf6 29. Ng5 Rc7 30. Kd2 h6 31. Ke2 Ng4 32. Ne4+ Ke6
33. Rd6+ Kf7 34. Kf3 Nh2+ 35. Kg2 Ng4 1/2-1/2

[Event "10th 4NCL Congress"]
[Site "Wakefield"]
[Date "2016.09.10"]
[Round "3.18"]
[White "Doran, Chris"]
[Black "Keely, Leo A"]
[Result "0-1"]
[WhiteElo "1981"]
[BlackElo "1938"]
[PlyCount "100"]
[EventDate "2016.09.09"]

1. e4 d5 2. exd5 Nf6 3. d4 Bg4 4. Be2 Bxe2 5. Qxe2 Qxd5 6. Nf3 e6 7. c4 Qe4 8.
Be3 Nc6 9. Nc3 Bb4 10. O-O Bxc3 11. bxc3 O-O 12. Rab1 b6 13. Ng5 Qg6 14. f3
Rfe8 15. Rbd1 Rad8 16. Nh3 e5 17. Qf2 Qf5 18. Rfe1 Na5 19. dxe5 Rxd1 20. Rxd1
Qxe5 21. Rd3 h6 22. Bd4 Qe1+ 23. Qxe1 Rxe1+ 24. Kf2 Ra1 25. c5 Rxa2+ 26. Kg3
Nc4 27. Nf4 Rd2 28. Rxd2 Nxd2 29. Bxf6 gxf6 30. cxb6 cxb6 31. Nd5 Kg7 32. Kf4
Nc4 33. Ke4 Kg6 34. Kd4 Nd6 35. Ne7+ Kg5 36. Nc6 Nf5+ 37. Kc4 Ne3+ 38. Kb5 Nxg2
39. Nxa7 Kf4 40. Kxb6 Ne3 41. Kc5 Kxf3 42. Nb5 Ng4 43. Kd4 Nxh2 44. Nd6 Ng4 45.
c4 h5 46. Nxf7 h4 47. c5 h3 48. c6 h2 49. c7 h1=Q 50. c8=Q Qd1+ 0-1

[Event "10th 4NCL Congress"]
[Site "Wakefield"]
[Date "2016.09.10"]
[Round "2.1"]
[White "Hebden, Mark L"]
[Black "Horton, Andrew P"]
[Result "1-0"]
[WhiteElo "2516"]
[BlackElo "2296"]
[PlyCount "41"]
[EventDate "2016.09.09"]

1. d4 Nf6 2. Nf3 e6 3. e3 c5 4. c4 Be7 5. Nc3 O-O 6. Bd3 cxd4 7. exd4 d5 8.
cxd5 Nxd5 9. O-O Nc6 10. Re1 Nxc3 11. bxc3 Bd7 12. Rb1 b6 13. Bf4 g6 14. Qd2
Bf6 15. h4 Re8 16. h5 Bc8 17. Bg5 Bb7 18. Qf4 Bxg5 19. Nxg5 Rf8 20. hxg6 fxg6
21. Qh4 1-0

[Event "10th 4NCL Congress"]
[Site "Wakefield"]
[Date "2016.09.10"]
[Round "2.2"]
[White "Mcphillips, Joseph"]
[Black "Levitt, Jonathan P"]
[Result "1-0"]
[WhiteElo "2341"]
[BlackElo "2415"]
[PlyCount "69"]
[EventDate "2016.09.09"]

1. e4 e6 2. c3 d5 3. Bd3 c5 4. Nf3 Nc6 5. Bc2 dxe4 6. Bxe4 Qc7 7. O-O Nf6 8.
Bc2 Be7 9. d4 cxd4 10. cxd4 Nb4 11. Bb3 O-O 12. Nc3 Nbd5 13. Qd3 b6 14. Ne5 Bb7
15. Re1 Rac8 16. Bd2 Rfd8 17. Qh3 a6 18. Rac1 Qd6 19. Nc4 Qd7 20. Bg5 b5 21.
Ne5 Qd6 22. Rcd1 Nxc3 23. Nxf7 Kxf7 24. Bxe6+ Kf8 25. bxc3 Rc6 26. d5 Bc8 27.
Rd4 Bxe6 28. Rxe6 Qxd5 29. Rxd5 Rxd5 30. f4 Rd1+ 31. Kf2 Rc4 32. Bxf6 Bxf6 33.
Qxh7 Rd2+ 34. Ke1 Rd8 35. Qh8+ 1-0

[Event "10th 4NCL Congress"]
[Site "Wakefield"]
[Date "2016.09.10"]
[Round "2.3"]
[White "Merry, Alan B"]
[Black "Wiltshir, Rich"]
[Result "1-0"]
[WhiteElo "2396"]
[BlackElo "1640"]
[PlyCount "47"]
[EventDate "2016.09.09"]

1. b3 c6 2. Bb2 Nf6 3. g3 g6 4. Bg2 Bg7 5. Nf3 d6 6. d4 O-O 7. O-O a5 8. c4 Na6
9. Nc3 Rb8 10. d5 Ne4 11. Nd4 Nxc3 12. Bxc3 cxd5 13. Bxd5 Nb4 14. Bg2 Bd7 15.
Qd2 Qb6 16. Rfd1 Qc5 17. Rac1 b6 18. a3 Na6 19. Qb2 Bh6 20. e3 Qh5 21. Ne2 Nc5
22. Rd5 Qg4 23. h3 Qe6 24. Nd4 1-0

[Event "10th 4NCL Congress"]
[Site "Wakefield"]
[Date "2016.09.10"]
[Round "2.4"]
[White "Abbas, Daniel"]
[Black "Sowray, Peter J"]
[Result "1/2-1/2"]
[WhiteElo "2279"]
[BlackElo "2348"]
[PlyCount "120"]
[EventDate "2016.09.09"]

1. e4 c5 2. Nf3 e6 3. g3 d5 4. exd5 exd5 5. d4 Nf6 6. Bg2 Be7 7. O-O O-O 8.
dxc5 Bxc5 9. Nbd2 Bf5 10. Nb3 Bb6 11. c3 Nc6 12. Nbd4 Be4 13. Be3 h6 14. Re1
Na5 15. Nd2 Bxg2 16. Kxg2 Nc6 17. N2f3 Re8 18. Nf5 Qd7 19. Bxb6 Qxf5 20. Nd4
Rxe1 21. Qxe1 Qd3 22. Rd1 Qc4 23. Nxc6 bxc6 24. Bd4 Re8 25. Qd2 Re2 26. Qd3
Qxd3 27. Rxd3 Rxb2 28. Bxf6 gxf6 29. c4 dxc4 30. Rd6 Rxa2 31. Rxc6 Ra4 32. Rxf6
Kg7 33. Rc6 a5 34. Rc5 Kf6 35. Kf3 Ra3+ 36. Ke4 c3 37. Rc6+ Kg5 38. f4+ Kg4 39.
Rxh6 Ra4+ 40. Kd3 Rc4 41. Kc2 a4 42. Rf6 Rc7 43. Ra6 Kh3 44. Rxa4 Kxh2 45. g4
Kg3 46. g5 Kg4 47. Rb4 Rc5 48. Rb6 Kxf4 49. g6 f5 50. g7 Rc8 51. Rc6 Rg8 52.
Kxc3 Ke3 53. Kc2 f4 54. Kd1 Kf2 55. Kd2 f3 56. Rc5 Kf1 57. Ke3 f2 58. Kf3 Ke1
59. Re5+ Kd2 60. Kxf2 Rxg7 1/2-1/2

[Event "10th 4NCL Congress"]
[Site "Wakefield"]
[Date "2016.09.10"]
[Round "2.5"]
[White "Clarke, Brandon Gi"]
[Black "Burke, Mitchell R"]
[Result "1-0"]
[WhiteElo "2292"]
[BlackElo "1967"]
[PlyCount "67"]
[EventDate "2016.09.09"]

1. e4 c5 2. Nf3 d6 3. d4 cxd4 4. Nxd4 Nf6 5. Nc3 a6 6. Bg5 e6 7. f4 Be7 8. Qf3
Qc7 9. O-O-O Nbd7 10. g4 b5 11. Bxf6 Nxf6 12. g5 Nd7 13. f5 O-O 14. Rg1 b4 15.
Nce2 e5 16. Nb3 f6 17. h4 a5 18. Ng3 a4 19. Nd2 Ba6 20. Bxa6 Rxa6 21. Qd3 Rc8
22. Ngf1 Nc5 23. Qd5+ Kh8 24. Ne3 Ra5 25. Qc4 b3 26. Kb1 Qb8 27. cxb3 Nxb3 28.
Qf7 Nxd2+ 29. Rxd2 Qb4 30. Qxe7 fxg5 31. f6 Qxe4+ 32. Nc2 Qg6 33. f7 Qf6 34.
Qe8+ 1-0

[Event "10th 4NCL Congress"]
[Site "Wakefield"]
[Date "2016.09.10"]
[Round "2.6"]
[White "Rita, Joao"]
[Black "Spence, David J"]
[Result "0-1"]
[WhiteElo "1963"]
[BlackElo "2201"]
[PlyCount "116"]
[EventDate "2016.09.09"]

1. e4 e6 2. d3 d5 3. Nd2 Nf6 4. Ngf3 c5 5. g3 Nc6 6. Bg2 Be7 7. O-O O-O 8. Re1
b5 9. e5 Nd7 10. Nf1 a5 11. h4 b4 12. Bf4 a4 13. N1h2 Ba6 14. Ng5 Qe8 15. Qg4
Kh8 16. Qh5 Bxg5 17. hxg5 f5 18. g6 Qxg6 19. Qxg6 hxg6 20. Nf3 Nd4 21. Ng5 Nxc2
22. Nxe6 g5 23. Nxf8 Nxf8 24. Bxd5 Re8 25. Bxg5 Nxa1 26. Bf7 Nc2 27. Rc1 Rxe5
28. Rxc2 Bxd3 29. Rd2 c4 30. f4 Re4 31. Kf2 Ne6 32. Be7 b3 33. axb3 axb3 34.
Bb4 Nd4 35. Bc3 Re2+ 36. Rxe2 Nxe2 37. Be5 Kh7 38. Bd6 c3 39. Bxb3 cxb2 40. Ba2
Nc3 41. Be5 b1=Q 42. Bxb1 Nxb1 43. Ke3 Bc2 44. Bd6 Kg6 45. Bb4 Kh5 46. Kd4 Kg4
47. Be1 Kf3 48. Ke5 Ke2 49. Ba5 Nd2 50. Kd5 Ne4 51. Ke6 Nxg3 52. Kf7 Nh5 53.
Kg6 Nxf4+ 54. Kxg7 Nd5 55. Bd8 f4 56. Bh4 Ne3 57. Kf6 Nf5 58. Kg5 f3 0-1

[Event "10th 4NCL Congress"]
[Site "Wakefield"]
[Date "2016.09.10"]
[Round "2.7"]
[White "Jones, Steven A"]
[Black "Gardiner, Eric D"]
[Result "1-0"]
[WhiteElo "2175"]
[BlackElo "1925"]
[PlyCount "85"]
[EventDate "2016.09.09"]

1. e4 d6 2. d4 Nf6 3. Nc3 e5 4. Nf3 Nbd7 5. Bc4 Be7 6. O-O O-O 7. Re1 c6 8. a4
a5 9. h3 Qc7 10. b3 Nb6 11. Bf1 exd4 12. Nxd4 d5 13. e5 Ne4 14. Nxe4 dxe4 15.
Rxe4 Rd8 16. Qf3 c5 17. Nb5 Qc6 18. Bb2 Be6 19. c4 Rd7 20. Bc3 Nc8 21. g4 b6
22. Bg2 Na7 23. Qe2 Nxb5 24. axb5 Qc7 25. f4 Rad8 26. f5 Rd3 27. Re3 Rxe3 28.
Qxe3 Bc8 29. Bd5 Bb7 30. Qe4 Bxd5 31. cxd5 Qd7 32. d6 Bg5 33. Qc6 g6 34. Rd1
gxf5 35. Qxd7 Rxd7 36. gxf5 Kf8 37. Kf2 Ke8 38. e6 fxe6 39. fxe6 Ra7 40. Kf3
Ra8 41. Rg1 h6 42. h4 Bxh4 43. Rg8# 1-0

[Event "10th 4NCL Congress"]
[Site "Wakefield"]
[Date "2016.09.10"]
[Round "2.8"]
[White "Bin-Suhayl, Ieysaa"]
[Black "Burrows, Martin P"]
[Result "1-0"]
[WhiteElo "1899"]
[BlackElo "2157"]
[PlyCount "73"]
[EventDate "2016.09.09"]

1. Nf3 Nf6 2. c4 e6 3. g3 d5 4. Bg2 dxc4 5. Qa4+ Nbd7 6. Qxc4 a6 7. Qc2 c5 8.
O-O Be7 9. Nc3 O-O 10. d4 Ra7 11. Rd1 b5 12. d5 exd5 13. Nxd5 Nxd5 14. Rxd5 Bb7
15. Rd1 Qe8 16. Bf4 Nf6 17. Bd6 Bxd6 18. Rxd6 Ne4 19. Rb6 Ba8 20. Rd1 Qe7 21.
a4 Qc7 22. a5 Re8 23. Nd2 Nd6 24. Bxa8 Raxa8 25. Nf3 Nc4 26. Ng5 g6 27. Rf6 Re7
28. Rd5 Qxa5 29. Qc1 Rxe2 30. Rxf7 Ne5 31. Qf4 Qe1+ 32. Kg2 Rxf2+ 33. Qxf2
Qxf2+ 34. Rxf2 Ng4 35. Re2 c4 36. Rd7 Nf6 37. Rf7 1-0

[Event "10th 4NCL Congress"]
[Site "Wakefield"]
[Date "2016.09.10"]
[Round "2.9"]
[White "Shaw, Peter"]
[Black "Bak, Christopher"]
[Result "1/2-1/2"]
[WhiteElo "2143"]
[BlackElo "2025"]
[PlyCount "102"]
[EventDate "2016.09.09"]

1. d4 d5 2. c4 Nc6 3. Nf3 Bg4 4. cxd5 Bxf3 5. exf3 Qxd5 6. Be3 e6 7. Nc3 Bb4 8.
Be2 Nge7 9. a3 Bxc3+ 10. bxc3 O-O 11. O-O Rfd8 12. Rb1 Rab8 13. Qa4 Qd6 14.
Rfd1 Nd5 15. Bd2 a6 16. g3 b5 17. Qc2 Na5 18. a4 Nc4 19. Ra1 Qc6 20. axb5 axb5
21. Be1 Ra8 22. Qb3 Ndb6 23. Rdb1 Rxa1 24. Rxa1 Qd5 25. f4 Rb8 26. Bf1 Qd7 27.
Ra7 Nd6 28. Bg2 Ndc8 29. Ra6 c6 30. Bd2 Nd6 31. h4 Ndc4 32. Bc1 Nd5 33. Ra2 Qd8
34. Bf1 Ra8 35. Bd2 Rxa2 36. Qxa2 Nxd2 37. Qxd2 Qa5 38. Bg2 Qa1+ 39. Kh2 Qxc3
40. Qa2 g6 41. h5 Kg7 42. Qa7 b4 43. h6+ Kxh6 44. Qxf7 Qxd4 45. Qxe6 b3 46.
Qh3+ Kg7 47. Qd7+ Kg8 48. Qe8+ Kg7 49. Qd7+ Kf8 50. Qd8+ Kf7 51. Qd7+ Kg8
1/2-1/2

[Event "10th 4NCL Congress"]
[Site "Wakefield"]
[Date "2016.09.10"]
[Round "2.10"]
[White "Keely, Leo A"]
[Black "Jaunooby, Ali Reza"]
[Result "0-1"]
[WhiteElo "1938"]
[BlackElo "2139"]
[PlyCount "92"]
[EventDate "2016.09.09"]

1. e4 c5 2. Nf3 d6 3. d4 cxd4 4. Nxd4 Nf6 5. Nc3 a6 6. Bd3 Nc6 7. Nde2 e5 8.
Bg5 Be7 9. Bxf6 Bxf6 10. O-O Be6 11. Nd5 Bxd5 12. exd5 Ne7 13. c4 g6 14. Nc3
O-O 15. Qf3 Bg7 16. Kh1 f5 17. Qh3 e4 18. Be2 Qb6 19. Rab1 Bd4 20. f3 e3 21. f4
Rae8 22. Qf3 Kh8 23. Rfd1 Ng8 24. Na4 Qa7 25. b4 b5 26. c5 Re4 27. Nb2 dxc5 28.
bxc5 Qxc5 29. Bd3 Re7 30. Rdc1 Qa3 31. Qe2 Nf6 32. Bc2 Bxb2 33. d6 Rd7 34. Rd1
Ng4 35. Kg1 Bg7 36. Bb3 Qc5 37. Rbc1 Qb6 38. h3 Nf2 39. Re1 Rxd6 40. Qxe3 Nxh3+
41. Kh2 Qxe3 42. Rxe3 Nxf4 43. Re7 Bf6 44. Rb7 Be5 45. g3 Rd2+ 46. Kh1 Ne2 0-1

[Event "10th 4NCL Congress"]
[Site "Wakefield"]
[Date "2016.09.10"]
[Round "2.11"]
[White "Mccarthy, Damian"]
[Black "O'gorman, Tom"]
[Result "1-0"]
[WhiteElo "1877"]
[BlackElo "2130"]
[PlyCount "91"]
[EventDate "2016.09.09"]

1. e4 c5 2. Nf3 d6 3. d4 cxd4 4. Nxd4 Nf6 5. Nc3 a6 6. Be2 e5 7. Nb3 Be7 8. Be3
O-O 9. g4 Be6 10. g5 Nfd7 11. Qd2 a5 12. a4 Nc6 13. h4 Rc8 14. Nd5 Nb4 15. c3
Nxd5 16. exd5 Bf5 17. c4 b6 18. f3 Nc5 19. Bxc5 dxc5 20. Bd3 Bxd3 21. Qxd3 f5
22. Nd2 Bd6 23. O-O-O Qe8 24. b3 Rc7 25. Rde1 Re7 26. Re2 Qg6 27. Kc2 Rfe8 28.
Rhe1 Kh8 29. Kb1 h6 30. gxh6 gxh6 31. Ka2 Rg7 32. Ka3 Qf6 33. Nf1 Rg1 34. h5 e4
35. Qe3 Rg5 36. fxe4 fxe4 37. Qc1 Bf4 38. Qc2 Rge5 39. Ne3 Qg5 40. d6 Bxe3 41.
Rxe3 Qd8 42. Rxe4 Qxd6 43. Qc3 Qd4 44. Rxd4 Rxe1 45. Rd7+ R8e5 46. Rd5 1-0

[Event "10th 4NCL Congress"]
[Site "Wakefield"]
[Date "2016.09.10"]
[Round "2.12"]
[White "Horton, Jamie A"]
[Black "Barker, Arron"]
[Result "1-0"]
[WhiteElo "2127"]
[BlackElo "1910"]
[PlyCount "141"]
[EventDate "2016.09.09"]

1. e4 b6 2. d4 Bb7 3. Nd2 e6 4. Ngf3 c5 5. c3 Nf6 6. Bd3 Be7 7. O-O d6 8. Re1
Qc7 9. Nf1 Nbd7 10. Ng3 h6 11. Qe2 g6 12. Bd2 Rc8 13. Rad1 c4 14. Bb1 b5 15. h3
a6 16. Nh2 h5 17. Nf3 Nh7 18. Kh1 Qd8 19. Nh2 Rg8 20. f4 Bh4 21. Qf3 Bxg3 22.
Qxg3 Qe7 23. Nf3 Kd8 24. f5 Kc7 25. fxe6 fxe6 26. Ng5 e5 27. Be3 Kb8 28. Nxh7
Qxh7 29. dxe5 dxe5 30. Bg1 Rc7 31. Qe3 Bc6 32. Rd6 Bb7 33. Red1 Kc8 34. Bc2 g5
35. g3 Nc5 36. Re1 g4 37. h4 Rf8 38. Kh2 Rf3 39. Qg5 Qh8 40. Red1 Rf8 41. Rh6
Qg8 42. Qxg8 Rxg8 43. Bxc5 Rxc5 44. Rxh5 Rf8 45. Rd2 Bc6 46. Rg5 Bd7 47. Bd1 a5
48. a3 Rc6 49. Bxg4 Bxg4 50. Rxg4 Rf3 51. Rg5 Rd3 52. Rg2 Re6 53. h5 Re3 54.
Rg4 Rh6 55. Rh4 Kd7 56. Kh3 Ke6 57. Kg4 Rxe4+ 58. Kg5 Rxh4 59. Kxh4 e4 60. g4
Rh8 61. g5 Kf7 62. Re2 Re8 63. Re3 Re5 64. Kg4 Ke6 65. h6 Kf7 66. Kf4 Rd5 67.
Rh3 Rd3 68. Rh1 Kg8 69. g6 Kh8 70. g7+ Kh7 71. Rg1 1-0

[Event "10th 4NCL Congress"]
[Site "Wakefield"]
[Date "2016.09.10"]
[Round "2.13"]
[White "Savage, Nicholas W"]
[Black "Hilton, Tim"]
[Result "1-0"]
[WhiteElo "2020"]
[BlackElo "1788"]
[PlyCount "45"]
[EventDate "2016.09.09"]

1. d4 e6 2. c4 d5 3. Nf3 c6 4. Qc2 dxc4 5. Qxc4 b5 6. Qc2 Nf6 7. e4 Bb7 8. Bd3
Nbd7 9. O-O Be7 10. Nc3 Nb6 11. Rd1 h6 12. Be3 O-O 13. Rac1 a6 14. h3 Qc7 15.
Qe2 Rac8 16. e5 Nfd7 17. Ne4 c5 18. dxc5 Bxe4 19. cxb6 Bxf3 20. bxc7 Bxe2 21.
Bxe2 Nxe5 22. f4 Ng6 23. Bf3 1-0

[Event "10th 4NCL Congress"]
[Site "Wakefield"]
[Date "2016.09.10"]
[Round "2.14"]
[White "Johnson, Paul A"]
[Black "Newton, Robert A"]
[Result "1/2-1/2"]
[WhiteElo "1859"]
[BlackElo "2006"]
[PlyCount "98"]
[EventDate "2016.09.09"]

1. d4 g6 2. e4 Bg7 3. Nf3 d6 4. c4 Nd7 5. Nc3 c6 6. Be2 Qc7 7. O-O Ngf6 8. h3
b6 9. Be3 Bb7 10. Qc2 a6 11. a4 O-O 12. Rfd1 Rad8 13. Rac1 Qb8 14. Qb1 h6 15.
b3 Kh7 16. Nh4 e5 17. f4 exd4 18. Bxd4 c5 19. Bf2 Rfe8 20. Bf3 Nf8 21. Rd2 Qa8
22. Re2 Ne6 23. f5 Nf4 24. fxg6+ fxg6 25. Ree1 Nd7 26. Nd5 Bxd5 27. exd5 Rxe1+
28. Rxe1 Ne5 29. Be4 Rf8 30. Bg3 Qd8 31. Qc2 Qg5 32. Kh2 Nh5 33. Bf2 Nf6 34.
Nf3 Nxf3+ 35. Bxf3 Nd7 36. Bg3 Be5 37. Bxe5 Nxe5 38. Be4 Kg7 39. Qc3 Qf6 40.
Qg3 Qf4 41. Qxf4 Rxf4 42. Kg3 g5 43. Re2 a5 44. Bc2 Kf6 45. Rf2 Rxf2 46. Kxf2
h5 47. g3 h4 48. g4 Nd7 49. Ke3 Ke5 1/2-1/2

[Event "10th 4NCL Congress"]
[Site "Wakefield"]
[Date "2016.09.10"]
[Round "2.15"]
[White "Jayawarna, Nugith"]
[Black "Towers, Brian"]
[Result "1/2-1/2"]
[WhiteElo "1998"]
[BlackElo "1770"]
[PlyCount "77"]
[EventDate "2016.09.09"]

1. c4 e5 2. g3 Nf6 3. Bg2 d5 4. cxd5 Nxd5 5. Nc3 Nb6 6. Nf3 Nc6 7. O-O Be7 8.
a3 Be6 9. b4 a6 10. d3 O-O 11. Bb2 Rb8 12. Rc1 f6 13. Nd2 Nd4 14. Nce4 c6 15.
Nc5 Bg4 16. Bxd4 Qxd4 17. Qb3+ Kh8 18. Ne6 Bxe6 19. Qxe6 Qd6 20. Qxd6 Bxd6 21.
Ne4 Rfd8 22. Nc5 Be7 23. Rc2 Kg8 24. Rb1 Kf7 25. a4 Nd7 26. Nxd7 Rxd7 27. b5
cxb5 28. axb5 a5 29. b6 Bb4 30. Rbc1 Bd6 31. Bh3 Re7 32. Rc7 h5 33. Rxe7+ Kxe7
34. Rc7+ Kf8 35. Be6 Be7 36. Bd5 f5 37. Bxb7 Bd6 38. Rc8+ Rxc8 39. Bxc8 1/2-1/2